Impact evaluation of the Small Farmers' Development Programme of Nepal (Record no. 15029)

MARC details
000 -LEADER
fixed length control field 00360nam a2200133Ia 4500
082 ## - DEWEY DECIMAL CLASSIFICATION NUMBER
Classification number RP.0201
100 ## - MAIN ENTRY--AUTHOR NAME
Personal name Pant, Ram Babu
245 #0 - TITLE STATEMENT
Title Impact evaluation of the Small Farmers' Development Programme of Nepal
260 ## - PUBLICATION, DISTRIBUTION, ETC. (IMPRINT)
Year of publication 1991
300 ## - PHYSICAL DESCRIPTION
Number of Pages vi, 194
650 ## - SUBJECT ADDED ENTRY--TOPICAL TERM
Topical Term SMALL FARMERS DEVELOPMENT PROGRAMME - NEPAL
710 ## - ADDED ENTRY--CORPORATE NAME
Corporate name or jurisdiction name as entry element Nepal Rastra Bank
942 ## - ADDED ENTRY ELEMENTS (KOHA)
Koha item type Research Reports
Source of classification or shelving scheme Dewey Decimal Classification
Holdings
Withdrawn status Lost status Damaged status Not for loan Home library Current library Date acquired Bill Date Full call number Accession Number Price effective from Koha item type
        NASSDOC Library NASSDOC Library 08/10/2004 2008-12-30 RP.0201 32300 18/04/2019 Research Reports